| 000 | 00353nam a2200145Ia 4500 | ||
|---|---|---|---|
| 008 | 230917s9999||||xx |||||||||||||| ||und|| | ||
| 040 |
_e36138 _aMAIN |
||
| 041 | _aEnglish | ||
| 082 | _a658.152 G164H | ||
| 100 | _aGarbutt, Douglas | ||
| 245 | 0 | _aHow to budget and control cash | |
| 260 |
_aEngland _bGower _c1985 |
||
| 300 | _axv, 228 p. | ||
| 942 | _cBK | ||
| 999 |
_c55134 _d55134 |
||